01185nam a2200301 a 4500001001200000003000800012006001900020007001500039008004100054020002500095020002900120020002700149040002100176035002100197050002100218100002200239245011000261260004200371300001500413504005100428533015200479650003900631650002200670655002900692700001900721710001700740856012600757ebr10697073CaPaEBRm o u cr cn|||||||||130524s2013 ne sb 001 0 eng d z9789462091832 (pbk.) z9789462091849 (hardback) z9789462091856 (e-book) aCaPaEBRcCaPaEBR a(OCoLC)84116828414aH62b.J34 2013eb1 aJagodzinski, Jan.10aArts-based researchh[electronic resource] :ba critique and a proposal /cJan Jagodzinski, Jason Wallin. aRotterdam :bSense Publishers,c2013. axi, 217 p. aIncludes bibliographical references and index. aElectronic reproduction.bPalo Alto, Calif. :cebrary,d2013.nAvailable via World Wide Web.nAccess may be limited to ebrary affiliated libraries. 0aQualitative researchxMethodology. 0aArts and society. 7aElectronic books.2local1 aWallin, Jason.2 aebrary, Inc.40uhttp://site.ebrary.com/lib/rucke/Doc?id=10697073zAn electronic book accessible through the World Wide Web; click to view